Praha - Bratislava - Vancouver

Bibliographic Details
Main Authors: Činčera, Radúz, 1923-1999 (Author), Krajčovičová, Ivana (Author)
Format: Article
Language:Slovak
PhysicalDescription:Fotogr. 3
Subjects:

MARC

LEADER 00000nab a2200000 a 4500
001 vtls000553240
003 SK-MaSNL
005 20260303014744.0
008 120929c1995 xo 0 slo
015 |a SNBRB19rr/mm-uuuuu 
035 |a CL0553378 
040 |a SNKBUCL  |b slo  |c SNKBUCL  |e AACR2 
041 0 |a slo 
044 |a xo  |c SK 
080 |a 008(437.6:437.1/.2)  |2 1981 
100 1 |a Činčera, Radúz,  |d 1923-1999  |4 aut  |9 175455 
245 1 0 |a Praha - Bratislava - Vancouver  |c Radúz Činčera, Ivana Krajčovičová 
300 |b Fotogr. 3 
650 0 7 |a kultúra slovenská  |2 snkbucl  |9 899470 
650 0 7 |a kultúra česká  |2 snkbucl  |9 887349 
655 7 |a články z novín a časopisov  |2 snkbucl  |9 267496 
700 1 |a Krajčovičová, Ivana  |4 aut  |9 430051 
773 0 |t Mosty  |g Roč. 4, č. 28 (1995), s. 1-2 
850 |a Slovenská národná knižnica v Martine  |a MTA001 
852 |a SNK  |b KIS3GCP 
958 |a RK 
992 |a RBX 
999 |c 1609257  |d 1611187